000 00588cam a22001933a 4500
001 38695
003 PGUSA
005 20140828083843.0
008 120128s2012||||xxu|||||s|||||000 | eng d
040 _aPGUSA
_beng
042 _adc
245 1 0 _aDonahoe's Magazine, Vol. XV, No. 4, April, 1886 :
_bVolume 15 (January 1886 - July 1886)
_h[electronic resource] /
_cVarious
260 _bProject Gutenberg,
_c2012
506 _aPublic domain in the USA.
516 _aElectronic text
830 0 _aProject Gutenberg
_v38695
856 4 0 _uhttp://www.gutenberg.org/ebooks/38695
942 _cEB
999 _c267949
_d267949